<?xml version="1.0" encoding="UTF-8"?>
<record
    xmlns:xsi="http://www.w3.org/2001/XMLSchema-instance"
    xsi:schemaLocation="http://www.loc.gov/MARC21/slim http://www.loc.gov/standards/marcxml/schema/MARC21slim.xsd"
    xmlns="http://www.loc.gov/MARC21/slim">

  <leader>00428nam a22001097a 4500</leader>
  <datafield tag="999" ind1=" " ind2=" ">
    <subfield code="c">6244</subfield>
    <subfield code="d">6244</subfield>
  </datafield>
  <controlfield tag="008">180523b           ||||| |||| 00| 0 eng d</controlfield>
  <datafield tag="020" ind1=" " ind2=" ">
    <subfield code="a">9987910416</subfield>
  </datafield>
  <datafield tag="082" ind1=" " ind2=" ">
    <subfield code="a">658.15 TRA</subfield>
  </datafield>
  <datafield tag="100" ind1=" " ind2=" ">
    <subfield code="a">TRACE-OD TRAINING AND FACILITATION CENTRE</subfield>
  </datafield>
  <datafield tag="245" ind1=" " ind2=" ">
    <subfield code="a">LEADING FOR IMPROVED FINANCIAL MANAGEMENT AND FINANCIAL SUSTAINABILITY:</subfield>
    <subfield code="b">13 HINTS TO LEADERS OF CIVIL SOCIETY ORGANISATIONS IN TANZANIA</subfield>
  </datafield>
  <datafield tag="260" ind1=" " ind2=" ">
    <subfield code="a">DAR ES SALAAM,</subfield>
    <subfield code="b">TRACE PUBLICATION,</subfield>
    <subfield code="c">2006.</subfield>
  </datafield>
  <datafield tag="952" ind1=" " ind2=" ">
    <subfield code="0">0</subfield>
    <subfield code="1">0</subfield>
    <subfield code="2">ddc</subfield>
    <subfield code="4">0</subfield>
    <subfield code="6">658_150000000000000_TRA</subfield>
    <subfield code="7">0</subfield>
    <subfield code="9">18559</subfield>
    <subfield code="a">1000</subfield>
    <subfield code="b">1000</subfield>
    <subfield code="c">Ground Floor </subfield>
    <subfield code="d">2018-05-23</subfield>
    <subfield code="l">0</subfield>
    <subfield code="o">658.15 TRA</subfield>
    <subfield code="p">0000000016814</subfield>
    <subfield code="r">2019-07-29</subfield>
    <subfield code="w">2018-05-23</subfield>
    <subfield code="y">BOOKS</subfield>
  </datafield>
</record>
